00848nam a2200241 a 4500008004100000020001500041050001400056100002600070245004500096246003300141260004300174300001300217350000900230500001700239650001400256650002400270650002900294650004300323700001600366995008500382999001700467952012200484120416s1984 ||||||||||||||||| || u a0710098847 aHM 48 Soc aRoberts, Helen, 1949-10aSocial researchingcedited by Colin Bell apolitics, problems, practice aLondonbRoutledge and Kegan Paulc1984 ax, 230p. a0.00 aBibliography 0aSOCIOLOGY 0aSOCIOLOGY--RESEARCH aSOCIOLOGY--GREAT BRITAIN aWOMEN SOCIAL SCIENTISTS--GREAT BRITAIN aBell, Colin D0.00FCBU-MAIN LIBRARY (Kitwe)H1I12.50UAVAILABLEZAnnex Low-Usage Collection  c57735d57735 00102lcc4070a001b001cAnnex Low-Usage Collection d2022-11-30l0oHM 48 Socp008471r2022-11-30w2022-11-30y002